000 00471nam a2200181Ia 4500
008 230524s9999 xx 000 0 und d
020 _a9781259029950
082 _a4.6782
_bBUY
100 _aRajkumar Buyya
245 0 _aMastering Cloud Computing
250 _a1
260 _aChennai
_bMGH
_c2017
300 _a"xiv,11.45,R.10p;"
500 _aQuantity Number: 55
650 _aComputer science
700 _a"Christian Vecchiola,S.Thamarai Selvi"
942 _cBK
999 _c59897
_d59897